000 00580nam a2200229Ia 4500
003 OSt
005 20220924143319.0
006 a|||||r|||| 00| 0
007 ta
008 220923b |||||||| |||| 00| 0 urd d
024 _a307740
037 _cTextual
040 _aARTS
_cARTS
_burd
041 _2urd
_aurd
082 _aDelta73xG36,2, 168M8
100 _aFarrukhi Aslam
_9215408
245 0 _aNejam e rang
260 _c1988
650 _aSPIRurdALISM
942 _hDelta73xG36,2, 168M8
_cTEXL
_2CC
999 _c454052
_d454052